[Event "SVK-ch U18/20"]
[Site "Tatralandia"]
[Date "2025.05.13"]
[Round "3"]
[White "Karapetsas, Athanasios"]
[Black "Malanik, Jakub"]
[Result "1/2-1/2"]
[WhiteElo "1928"]
[BlackElo "1430"]
[PlyCount "115"]
[EventDate "2025.05.11"]
[EventType "swiss"]
[EventRounds "9"]
[EventCountry "SVK"]
[SourceTitle "CB21_2025"]
[SourceDate "2025.05.21"]
[SourceVersion "1"]
[SourceVersionDate "2025.05.21"]
[SourceQuality "1"]

1. e4 e5 2. Nf3 Nc6 3. d4 exd4 4. Nxd4 Nge7 5. Bg5 f6 6. Bf4 d6 7. Bc4 d5 8. exd5 Nxd5 9. Qh5+ g6 10. Qxd5 Qxd5 11. Bxd5 Nxd4 12. Be4 Bf5 13. Bxf5 gxf5 14. Kd1 0-0-0 15. Bd2 Rg8 16. c3 Ne6 17. g3 Ng5 18. Kc2 Ne4 19. Be3 f4 20. Bxf4 Nxf2 21. Rf1 Ng4 22. Nd2 Bd6 23. Rae1 Nxh2 24. Rf2 Ng4 25. Rfe2 Be5 26. Rh1 Rd7 27. Rh4 Bxf4 28. gxf4 f5 29. Rh5 Rgd8 30. Nb3 Rf8 31. Nd4 Rdf7 32. Nf3 h6 33. Nd4 c5 34. Nb5 Kb8 35. b4 cxb4 36. cxb4 Rh8 37. Nd6 Rc7+ 38. Kb3 Rd7 39. Nxf5 Rd5 40. Ng7 Rd3+ 41. Kc2 Rd4 42. Rf5 Rc8+ 43. Kb3 Rd3+ 44. Kb2 Ne3 45. Rc5 Rg8 46. Ne6 b6 47. Rh5 Rc8 48. Reh2 Nd1+ 49. Kb1 Rdc3 50. a3 Rb3+ 51. Ka2 Rcc3 52. Rxh6 Rxa3+ 53. Kb1 Rcb3+ 54. Kc1 Ra1+ 55. Kc2 Rab1 56. Rh8+ Kb7 57. R2h7+ Ka6 58. Nc7+ 1/2-1/2

[Event "SVK-ch U18/20"]
[Site "Tatralandia"]
[Date "2025.05.12"]
[Round "2"]
[White "Malanik, Jakub"]
[Black "Lichvar, Simon"]
[Result "1-0"]
[WhiteElo "1430"]
[BlackElo "1773"]
[PlyCount "29"]
[EventDate "2025.05.11"]
[EventType "swiss"]
[EventRounds "9"]
[EventCountry "SVK"]
[SourceTitle "CB21_2025"]
[SourceDate "2025.05.21"]
[SourceVersion "1"]
[SourceVersionDate "2025.05.21"]
[SourceQuality "1"]

1. Nf3 d5 2. c4 d4 3. e3 c5 4. b4 Nc6 5. b5 Na5 6. Bb2 d3 7. Qa4 b6 8. g3 h6 9. Bg2 Rb8 10. Ne5 Bb7 11. Nc6 Bxc6 12. bxc6 Qc7 13. Nc3 Kd8 14. Nb5 Qc8 15. c7+ 1-0